Voyage of the Great White Fleet - With Map - Statistics

General Stats
  • This quiz has been taken 19 times
  • The average score is 13 of 24
Answers on the Map
Answers color-coded by a green-red scale on the quiz's map according to % correct below.
 
Answer Stats
Answer % Correct
Rio de Janeiro
94%
Honolulu
88%
Sydney
88%
Auckland
82%
Callao
82%
Manila
82%
Melbourne
82%
San Francisco
82%
Yokohama
82%
Gibraltar
71%
Colombo
65%
Suez
65%
Seattle
59%
Hampton Roads
53%
Port of Spain
41%
Amoy
35%
Tacoma
29%
Bellingham
18%
Punta Arenas
18%
Albany
12%
Port Angeles
12%
Bremerton
6%
Magdalena Bay
6%
Port Townsend
6%
No matching quizzes found
Score Distribution
Percent of People with Each Score
Percentile by Number Answered
Your Score History
You have not taken this quiz